000 00342nam a2200145Ia 4500
008 230917s9999||||xx |||||||||||||| ||und||
040 _e95348
_aMAIN
041 _aEnglish
082 _a364.10285 S77C
100 _aSuri, R K
245 0 _aCyber crime
260 _aNew Delhi
_bPentagon Press
_c2002
300 _axii, 532 p.
942 _cBK
999 _c113855
_d113855